Třídní analýza a sociální mobilita

Salvato in:
Dettagli Bibliografici
Autore principale: Katrňák, Tomáš
Natura: Libro
Lingua:ceco
Pubblicazione: Brno Centrum pro studium demokracie a kultury 2005
Serie:Sociologická řada sv. č. 2
Soggetti:
Tags: Aggiungi Tag
Nessun Tag, puoi essere il primo ad aggiungerne!!

MARC

LEADER 00000nam$a2200000$$$4500
001 0049424
005 20240306141713.6
020 |a 80-7325-067-5 
041 0 |a cze 
044 |a CZ 
245 1 0 |a Třídní analýza a sociální mobilita  |c Tomáš Katrňák 
264 1 |a Brno  |b Centrum pro studium demokracie a kultury  |c 2005 
300 |a 211 s. 
490 1 |a Sociologická řada  |v sv. č. 2 
830 0 |a Sociologická řada  |v sv. č. 2 
610 2 0 |a stratifikácia sociálna 
610 2 0 |a triedy spoločenské 
610 2 0 |a mobilita sociálna 
610 2 0 |a štruktúra sociálna 
610 2 0 |a postavenie spoločenské 
610 2 0 |a triedy a vrstvy 
100 1 |a Katrňák, Tomáš